header

How the Internet works / (Record no. 255820)

MARC details
000 -LEADER
fixed length control field 00949cam a22002774a 4500
001 - CONTROL NUMBER
control field 203310
003 - CONTROL NUMBER IDENTIFIER
control field OSt
005 - DATE AND TIME OF LATEST TRANSACTION
control field 20170227150205.0
008 - FIXED-LENGTH DATA ELEMENTS--GENERAL INFORMATION
fixed length control field 990426s1999 inua 001 0 eng
010 ## - LIBRARY OF CONGRESS CONTROL NUMBER
LC control number 99063011
020 ## - INTERNATIONAL STANDARD BOOK NUMBER
International Standard Book Number 0789721325
040 ## - CATALOGING SOURCE
Original cataloging agency DLC
Transcribing agency DLC
Modifying agency DLC
042 ## - AUTHENTICATION CODE
Authentication code pcc
050 00 - LIBRARY OF CONGRESS CALL NUMBER
Classification number TK5105.875.I57
Item number G72423 1999
082 00 - DEWEY DECIMAL CLASSIFICATION NUMBER
Classification number 004.67/8
Edition number 21
100 1# - MAIN ENTRY--PERSONAL NAME
Personal name Gralla, Preston.
245 10 - TITLE STATEMENT
Title How the Internet works /
Statement of responsibility, etc Preston Gralla ; [illustrated by Sarah Ishida, Mina Reimer & Stephen Adams].
250 ## - EDITION STATEMENT
Edition statement Millenium ed.
260 ## - PUBLICATION, DISTRIBUTION, ETC. (IMPRINT)
Place of publication, distribution, etc Indianapolis, IN :
Name of publisher, distributor, etc Que,
Date of publication, distribution, etc c1999.
300 ## - PHYSICAL DESCRIPTION
Extent 324 p. :
Other physical details col. ill. ;
Dimensions 26 cm.
500 ## - GENERAL NOTE
General note Includes index.
650 #0 - SUBJECT ADDED ENTRY--TOPICAL TERM
Topical term or geographic name as entry element Internet
Form subdivision Popular works.
906 ## - LOCAL DATA ELEMENT F, LDF (RLIN)
a 7
b cbc
c orignew
d 2
e opcn
f 19
g y-gencatlg
942 ## - ADDED ENTRY ELEMENTS (KOHA)
Source of classification or shelving scheme Library of Congress Classification
Koha item type Long Loan Books
Holdings
Withdrawn status Lost status Source of classification or shelving scheme Damaged status Not for loan Home library Current library Shelving location Date acquired Total Checkouts Full call number Barcode Date last seen Price effective from Koha item type
    Library of Congress Classification     Rongo University Library Rongo University Library General Stacks 27/02/2017   TK5105.875.I57 G72423 1999 201614352 27/02/2017 27/02/2017 Long Loan Books

© 2026 Rongo University
Contact us: librarian | system librarian | Rongo university